Si Harry Potter dirigiera general electric / (Registro nro. 29517)
[ vista simple ]
| 000 -CABECERA | |
|---|---|
| campo de control de longitud fija | 01310nam a22002657a 4500 |
| 008 - CÓDIGOS DE INFORMACIÓN DE LONGITUD FIJA | |
| fixed length control field | 220707s2006 ar ||||jr|||| 00| f spa d |
| 020 ## - NÚMERO INTERNACIONAL NORMALIZADO PARA LIBROS | |
| ISBN | 9789504915607 |
| 022 ## - NUMERO INTERNACIONAL NORMALIZADO PUBLICACIONES SERIADAS | |
| Fuente | . |
| 040 ## - Fuente de catalogación | |
| Agencia original de catalogación | CO-JMCR |
| Agencia de modificación | CO-JMCR |
| 041 1# - CÓDIGO DE LENGUA | |
| Código idioma | spa |
| Language code of original | eng |
| 082 04 - NÚMERO DE LA CLASIFICACIÓN DECIMAL DEWEY | |
| Número de clasificación Decimal | J-N |
| Número de documento (Cutter) | MORs |
| 100 1# - PUNTO DE ACCESO PRINCIPAL-NOMBRE DE PERSONA | |
| Nombre personal | Morris, Tom |
| Término de función/relación | autor |
| 9 (RLIN) | 42120 |
| 245 13 - TÍTULO PROPIAMENTE DICHO | |
| Título | Si Harry Potter dirigiera general electric / |
| Mención de responsabilidad, etc. | Tom Morris |
| 250 ## - DECLARACIÓN DE EDICIÓN | |
| Declaración de edición | Primera edición |
| 260 ## - PUBLICACIÓN, DISTRIBUCIÓN, ETC. (PIE DE IMPRENTA) | |
| Lugar de publicación, distribución, etc. | Buenos Aires, Argentina : |
| Nombre del editor, distribuidor, etc. | Planeta, |
| Fecha de publicación, distribución, etc. | 2006. |
| 300 ## - DESCRIPCIÓN FÍSICA | |
| Extensión | 265 páginas ; |
| Dimensiones | 23 cm. |
| 505 0# - NOTA DE CONTENIDO FORMATADO | |
| Nota de contenido formateada | Albus dumbledore, director ejecutivo. -- El valiente Harry Potter, -- La ética de los magos. -- Verdad y mentiras en Hogwarts. -- La alquimia del liderazgo. -- La sabiduría de los magos. -- Felicidad y sentido. |
| 520 0# - RESUMEN, ETC. | |
| Resumen,etc. | En su nuevo libro, Tom Morris-autor de Si Aristóteles dirigiera General Motors-revela cómo los secretos, la sabiduría y la ética del liderazgo, presentes en el universo mágico de Harry Potter, pueden llevar al éxito tanto en los negocios como en lo profesional y la vida cotidiana sin sacrificar lo moral. |
| 521 0# - TARGET AUDIENCE NOTE | |
| Target audience note | Juvenil. |
| 650 14 - TÉRMINO DE MATERIA | |
| 9 (RLIN) | 42121 |
| 650 24 - TÉRMINO DE MATERIA | |
| 9 (RLIN) | 42122 |
| 650 24 - TÉRMINO DE MATERIA | |
| 9 (RLIN) | 42123 |
| Withdrawn status | Lost status | Source of classification or shelving scheme | Damaged status | Not for loan | Home library | Current library | Shelving location | Date acquired | Source of acquisition | Total Checkouts | Full call number | Barcode | Date last seen | Date last checked out | Copy number | Price effective from | Koha item type |
|---|---|---|---|---|---|---|---|---|---|---|---|---|---|---|---|---|---|
| Dewey Decimal Classification | Biblioteca Pública José María del Castillo y Rada | Biblioteca Pública José María del Castillo y Rada | Processing Center | Donación | 4 | J-N MORs | 201811539 | 07/05/2024 | 07/05/2024 | Ej.1 | 07/07/2022 | Books |